[Event "BL2-West 1718"]
[Site "Germany"]
[Date "2018.02.04"]
[Round "6.4"]
[White "Kipper, Jens"]
[Black "Goudriaan, Etienne"]
[Result "1-0"]
[WhiteElo "2370"]
[BlackElo "2372"]
[PlyCount "89"]
[EventDate "2017.10.08"]
[EventType "team-tourn"]
[EventRounds "9"]
[EventCountry "GER"]
[SourceTitle "CBM 183 Extra"]
[Source "ChessBase"]
[SourceDate "2018.04.19"]
[SourceVersion "1"]
[SourceVersionDate "2018.04.19"]
[SourceQuality "1"]
[WhiteTeam "Koblenz"]
[BlackTeam "Bochum SG"]
[WhiteTeamCountry "GER"]
[BlackTeamCountry "GER"]

1. Nf3 d5 2. d4 Nf6 3. c4 e6 4. Nc3 Bb4 5. cxd5 exd5 6. Bg5 h6 7. Bf4 c5 8. dxc5 Nbd7 9. e3 0-0 10. Be2 Qa5 11. 0-0 Bxc3 12. bxc3 Ne4 13. c4 Nc3 14. Qe1 Nxe2+ 15. Qxe2 dxc4 16. Qxc4 b6 17. c6 Ba6 18. Qd4 Nc5 19. Rfc1 Rfe8 20. Nd2 Qb5 21. c7 Rac8 22. Bg3 Bb7 23. Nc4 Ne6 24. Qd2 Rf8 25. Rc2 Qa6 26. Nd6 Ra8 27. Rac1 Nc5 28. f3 Bc8 29. e4 Be6 30. Rc3 Na4 31. Rc6 Bd7 32. R6c2 b5 33. Bf2 Nb6 34. Bxb6 Qxb6+ 35. Kh1 Qc6 36. e5 Be6 37. Qb4 Bd7 38. h3 Bc8 39. Qxb5 Qxb5 40. Nxb5 Re8 41. f4 Kf8 42. Nd6 Re7 43. Rb2 g5 44. f5 Rxe5 45. Rb8 1-0

[Event "Oberliga Sued W 1617"]
[Site "Germany"]
[Date "2016.10.16"]
[Round "2.1"]
[White "Ovsejevitsch, Sergei"]
[Black "Kipper, Jens"]
[Result "1-0"]
[WhiteElo "2579"]
[BlackElo "2379"]
[PlyCount "79"]
[EventDate "2016.09.25"]
[EventType "team-tourn"]
[EventRounds "9"]
[EventCountry "GER"]
[SourceTitle "EXT 2018"]
[Source "ChessBase"]
[SourceDate "2017.10.13"]
[SourceVersion "1"]
[SourceVersionDate "2017.10.13"]
[SourceQuality "1"]
[WhiteTeam "Gau Algesheim"]
[BlackTeam "Koblenz"]
[WhiteTeamCountry "GER"]
[BlackTeamCountry "GER"]

1. d4 e6 2. c4 Nf6 3. Nf3 d5 4. e3 b6 5. cxd5 exd5 6. Bb5+ c6 7. Bd3 Bd6 8. Nc3 0-0 9. 0-0 Nbd7 10. b3 Bb7 11. Bb2 Qe7 12. Qc2 Rfe8 13. a4 a5 14. Nd2 Nf8 15. Rae1 Qc7 16. g3 Re7 17. e4 dxe4 18. Ncxe4 Nxe4 19. Rxe4 Rae8 20. Nc4 Bb4 21. Rxe7 Rxe7 22. Be4 h6 23. Ne3 Ne6 24. Rc1 Rd7 25. Nf5 c5 26. h4 Bxe4 27. Qxe4 Qd8 28. d5 Nd4 29. Bxd4 cxd4 30. Qxd4 Bf8 31. Qg4 Kh7 32. Qe4 g6 33. Ne3 h5 34. Rd1 Bc5 35. Nc4 Qf6 36. Qf4 Qc3 37. d6 Qxb3 38. Re1 Bb4 39. Re8 Qd1+ 40. Kh2 1-0

[Event "Oberliga Sued W 1415"]
[Site "Germany"]
[Date "2015.03.15"]
[Round "8.1"]
[White "Kipper, Jens"]
[Black "Bastian, Herbert"]
[Result "1-0"]
[WhiteElo "2389"]
[BlackElo "2340"]
[PlyCount "113"]
[EventDate "2014.09.21"]
[EventType "team-tourn"]
[EventRounds "9"]
[EventCountry "GER"]
[SourceTitle "EXT 2019"]
[Source "ChessBase"]
[SourceDate "2018.10.10"]
[SourceVersion "1"]
[SourceVersionDate "2018.10.10"]
[SourceQuality "1"]
[WhiteTeam "Koblenz SV"]
[BlackTeam "Saarbruecken SVG"]
[WhiteTeamCountry "GER"]
[BlackTeamCountry "GER"]

1. Nf3 Nf6 2. c4 g6 3. Nc3 Bg7 4. e4 d6 5. d4 0-0 6. Be2 e5 7. 0-0 Nc6 8. dxe5 dxe5 9. Bg5 Qxd1 10. Rfxd1 h6 11. Be3 Bg4 12. h3 Bxf3 13. Bxf3 Rfd8 14. Nd5 Ne8 15. b4 Nd4 16. Bxd4 exd4 17. Nf4 Nd6 18. Rac1 c6 19. Nd3 Re8 20. Re1 f6 21. a4 Nf7 22. Kf1 Re7 23. Red1 Rd8 24. Nf4 Ne5 25. Be2 h5 26. Rc2 Bh6 27. Nd3 Nf7 28. Bf3 Nd6 29. Nc5 Nf7 30. h4 b6 31. Nd3 Ne5 32. c5 Rb7 33. b5 Rc7 34. cxb6 axb6 35. Be2 c5 36. a5 bxa5 37. Rxc5 Rxc5 38. Nxc5 Rd6 39. g3 Bg7 40. f4 Ng4 41. Bxg4 hxg4 42. Ke2 Bf8 43. Kd3 Kf7 44. Rb1 Rd8 45. Na6 Bd6 46. Ra1 Rc8 47. Kxd4 Rc2 48. Rxa5 Rg2 49. e5 fxe5+ 50. fxe5 Be7 51. Nc5 Rxg3 52. b6 Bxc5+ 53. Kxc5 Rc3+ 54. Kd6 Rd3+ 55. Kc7 Ke6 56. b7 Rc3+ 57. Kb6 1-0

[Event "Oberliga Sued W 1415"]
[Site "Germany"]
[Date "2015.01.18"]
[Round "5.1"]
[White "Lanka, Zigurds"]
[Black "Kipper, Jens"]
[Result "1-0"]
[WhiteElo "2442"]
[BlackElo "2389"]
[PlyCount "79"]
[EventDate "2014.09.21"]
[EventType "team-tourn"]
[EventRounds "9"]
[EventCountry "GER"]
[SourceTitle "EXT 2019"]
[Source "ChessBase"]
[SourceDate "2018.10.10"]
[SourceVersion "1"]
[SourceVersionDate "2018.10.10"]
[SourceQuality "1"]
[WhiteTeam "Schott Mainz II"]
[BlackTeam "Koblenz SV"]
[WhiteTeamCountry "GER"]
[BlackTeamCountry "GER"]

1. Nf3 Nf6 2. g3 d5 3. Bg2 e6 4. b3 Be7 5. c4 0-0 6. 0-0 c5 7. d3 Nc6 8. e3 d4 9. e4 Qc7 10. Kh1 a6 11. Ng1 b5 12. Na3 Rb8 13. f4 Nd7 14. g4 bxc4 15. Nxc4 Nb6 16. Nxb6 Rxb6 17. Nf3 f5 18. Nd2 Rb8 19. Nc4 Kh8 20. Bd2 Bd7 21. Qe2 Rbe8 22. Bf3 Bd8 23. Qg2 g6 24. e5 Be7 25. Rac1 Rb8 26. gxf5 gxf5 27. Rg1 Rg8 28. Qh3 Rbf8 29. Rg3 Qd8 30. Be1 Nb4 31. Bxb4 cxb4 32. Rcg1 Rxg3 33. hxg3 Rf7 34. Kg2 Qf8 35. Kf2 Bb5 36. Rc1 Bc5 37. Qh1 Rc7 38. Ke2 Be7 39. Kd2 Qg7 40. Rg1 1-0

[Event "Leiden Noteboom Memorial 74th"]
[Site "Leiden"]
[Date "2014.03.02"]
[Round "6"]
[White "Ikonnikov, Vyacheslav"]
[Black "Kipper, Jens"]
[Result "1-0"]
[WhiteElo "2580"]
[BlackElo "2389"]
[PlyCount "91"]
[EventDate "2014.02.28"]
[EventType "swiss"]
[EventRounds "6"]
[EventCountry "NED"]
[SourceTitle "CBM 159 Extra"]
[Source "ChessBase"]
[SourceDate "2014.04.24"]
[SourceVersion "1"]
[SourceVersionDate "2014.04.24"]
[SourceQuality "1"]

1. d4 e6 2. c4 Nf6 3. Nc3 Bb4 4. e3 0-0 5. Nge2 Re8 6. a3 Bf8 7. d5 d6 8. g3 exd5 9. cxd5 a5 10. Bg2 Na6 11. 0-0 Nc5 12. b3 Bd7 13. Nd4 Qc8 14. Bb2 Bh3 15. Rc1 Bxg2 16. Kxg2 Qd7 17. b4 axb4 18. axb4 Na6 19. Qb3 c5 20. bxc5 dxc5 21. Ndb5 Nb4 22. Rcd1 Ng4 23. e4 Ra5 24. d6 Re6 25. Ba3 Rh6 26. h4 Ne5 27. Bxb4 Rxh4 28. Rh1 Rxh1 29. Rxh1 cxb4 30. Qxb4 Ra6 31. Qd4 Nc6 32. Qc5 Ra8 33. Rd1 Rd8 34. f4 Qe6 35. Qd5 Qg6 36. e5 h5 37. Qe4 Qe6 38. Qd5 Qg6 39. Qd3 Qe6 40. Nc7 Qg4 41. Ne4 Nb4 42. Qf3 Qg6 43. f5 Qh6 44. e6 Nc2 45. e7 Ne3+ 46. Kh3 1-0

[Event "Hastings Masters op 89th"]
[Site "Hastings"]
[Date "2014.01.04"]
[Round "8"]
[White "Kipper, Jens"]
[Black "Hawkins, Jonathan J"]
[Result "1/2-1/2"]
[WhiteElo "2378"]
[BlackElo "2512"]
[PlyCount "91"]
[EventDate "2013.12.28"]
[EventType "swiss"]
[EventRounds "9"]
[EventCountry "ENG"]
[SourceTitle "CBM 158 Extra"]
[Source "ChessBase"]
[SourceDate "2014.02.28"]
[SourceVersion "1"]
[SourceVersionDate "2014.02.28"]
[SourceQuality "1"]

1. Nf3 Nf6 2. c4 g6 3. Nc3 Bg7 4. e4 d6 5. d4 0-0 6. Be2 Na6 7. 0-0 e5 8. Be3 Ng4 9. Bg5 Qe8 10. c5 exd4 11. Nd5 Be6 12. Bxa6 Bxd5 13. exd5 bxa6 14. cxd6 cxd6 15. Nxd4 Qe5 16. Qxg4 Qxd4 17. Qxd4 Bxd4 18. Rac1 Rfe8 19. Rc6 Re5 20. Bf6 Rxd5 21. Bxd4 Rxd4 22. Rxa6 Rb8 23. b3 Rb7 24. g3 d5 25. Rc1 Rd2 26. Rc3 d4 27. Rf3 Rd7 28. Rff6 Kf8 29. Rad6 Rxd6 30. Rxd6 Ke7 31. Ra6 d3 32. Rxa7+ Kd6 33. Kg2 Re2 34. Ra8 Kd5 35. Kf3 Kd4 36. Rc8 Rc2 37. Rd8+ Kc3 38. a4 Re2 39. a5 Re6 40. b4 d2 41. b5 Re5 42. a6 Rxb5 43. a7 Ra5 44. Ke3 Re5+ 45. Kf3 Ra5 46. Ke3 1/2-1/2

[Event "Oberliga NRW 1314"]
[Site "Germany"]
[Date "2013.11.17"]
[Round "3.2"]
[White "Morawietz, Dieter"]
[Black "Kipper, Jens"]
[Result "1/2-1/2"]
[WhiteElo "2300"]
[BlackElo "2376"]
[PlyCount "132"]
[EventDate "2013.09.15"]
[EventType "team-tourn"]
[EventRounds "9"]
[EventCountry "GER"]
[SourceTitle "EXT 2015"]
[Source "ChessBase"]
[SourceDate "2014.11.20"]
[SourceVersion "1"]
[SourceVersionDate "2014.11.20"]
[SourceQuality "1"]
[WhiteTeam "Koeln SF"]
[BlackTeam "Koeln Porz II"]
[WhiteTeamCountry "GER"]
[BlackTeamCountry "GER"]

1. e4 e6 2. d4 d5 3. Nc3 Nf6 4. e5 Nfd7 5. f4 c5 6. Nf3 Qb6 7. Be3 a6 8. Na4 Qa5+ 9. c3 cxd4 10. b4 Qc7 11. Qxd4 Be7 12. Qd2 Nc6 13. Bd3 b5 14. Nb2 a5 15. 0-0 axb4 16. Rfc1 Qb7 17. cxb4 Bxb4 18. Qe2 Ra3 19. Nd1 Ndb8 20. Rab1 Bd7 21. Bxb5 0-0 22. Bd3 h6 23. Nf2 Qa8 24. Rc2 Be7 25. Bc1 Ra7 26. Be3 Rb7 27. Rxb7 Qxb7 28. Rb2 Qa8 29. Bb1 Nb4 30. Nd4 N8c6 31. Nxc6 Bxc6 32. Nd3 Bb5 33. Qd2 Bxd3 34. Bxd3 Nxd3 35. Qxd3 Qa5 36. Qd2 Qxd2 37. Bxd2 f6 38. exf6 Bxf6 39. Rc2 Bd4+ 40. Kf1 e5 41. Ke2 e4 42. Be3 Bf6 43. Rd2 Ra8 44. g4 Ra5 45. a4 Kf7 46. Bb6 Rxa4 47. Rxd5 Ra2+ 48. Ke3 Rxh2 49. Kxe4 Rb2 50. Bc5 Ra2 51. Rd7+ Ke6 52. Rb7 Ra4+ 53. Kf3 Rc4 54. Bf8 Rc3+ 55. Ke4 Rc4+ 56. Ke3 Rc3+ 57. Kd2 Rg3 58. Bxg7 Bxg7 59. Rxg7 Kf6 60. Ra7 Rxg4 61. Ke3 Rg1 62. Ra6+ Kf5 63. Rxh6 Rg3+ 64. Kf2 Kxf4 65. Rf6+ Ke5 66. Kxg3 Kxf6 1/2-1/2

[Event "BL2-West 1314"]
[Site "Germany"]
[Date "2013.10.13"]
[Round "1.8"]
[White "Kipper, Jens"]
[Black "Thieme Garmann, Alexander"]
[Result "1-0"]
[WhiteElo "2376"]
[BlackElo "2055"]
[PlyCount "125"]
[EventDate "2013.10.13"]
[EventType "team-tourn"]
[EventRounds "9"]
[EventCountry "GER"]
[SourceTitle "EXT 2015"]
[Source "ChessBase"]
[SourceDate "2014.11.20"]
[SourceVersion "1"]
[SourceVersionDate "2014.11.20"]
[SourceQuality "1"]
[WhiteTeam "Koeln Porz"]
[BlackTeam "Koblenz"]
[WhiteTeamCountry "GER"]
[BlackTeamCountry "GER"]

1. Nf3 Nf6 2. c4 d6 3. d4 Nbd7 4. Nc3 e5 5. e4 Be7 6. Be2 0-0 7. 0-0 Re8 8. Be3 Bf8 9. Qc2 c6 10. d5 h6 11. Ne1 a6 12. Nd3 cxd5 13. cxd5 Nc5 14. Nxc5 dxc5 15. a4 b6 16. Nb1 Ng4 17. Bxg4 Bxg4 18. Na3 Bd7 19. Nc4 b5 20. axb5 Bxb5 21. Rfc1 Qf6 22. Na5 Qg6 23. f3 Rac8 24. b3 Bd7 25. Qf2 f5 26. exf5 Qxf5 27. Bxc5 e4 28. fxe4 Qxe4 29. Bxf8 Rxf8 30. Rxc8 Rxc8 31. Nc4 Rf8 32. Qd2 Bb5 33. Rc1 Rf6 34. h3 Rg6 35. Qc2 Qf4 36. Rf1 Qd4+ 37. Kh1 Rf6 38. Rxf6 Qa1+ 39. Kh2 Qxf6 40. Qe4 Qc3 41. Qe3 Qxe3 42. Nxe3 Kf7 43. Kg3 Kf6 44. Kf4 g5+ 45. Ke4 h5 46. Nc4 Be8 47. Ne5 Bb5 48. g3 Be8 49. h4 gxh4 50. gxh4 a5 51. Nc6 Bg6+ 52. Kd4 Be8 53. Ke4 Bg6+ 54. Kd4 Be8 55. Nxa5 Kf5 56. Nc4 Kg4 57. Ke5 Kxh4 58. Kf4 Kh3 59. Ne5 Kg2 60. Nf3 Kf2 61. b4 Ke2 62. b5 Bf7 63. d6 1-0

[Event "Oberliga NRW 1314"]
[Site "Germany"]
[Date "2013.09.15"]
[Round "1.2"]
[White "Molinaroli, Martin"]
[Black "Kipper, Jens"]
[Result "0-1"]
[WhiteElo "2220"]
[BlackElo "2331"]
[PlyCount "94"]
[EventDate "2013.09.15"]
[EventType "team-tourn"]
[EventRounds "9"]
[EventCountry "GER"]
[SourceTitle "EXT 2015"]
[Source "ChessBase"]
[SourceDate "2014.11.20"]
[SourceVersion "1"]
[SourceVersionDate "2014.11.20"]
[SourceQuality "1"]
[WhiteTeam "Muenster"]
[BlackTeam "Koeln Porz II"]
[WhiteTeamCountry "GER"]
[BlackTeamCountry "GER"]

1. e4 e6 2. b3 d5 3. Bb2 Nf6 4. e5 Nfd7 5. f4 c5 6. Nf3 Nc6 7. g3 Be7 8. Bh3 b5 9. 0-0 a5 10. f5 Nb6 11. fxe6 Bxe6 12. Bxe6 fxe6 13. Nc3 b4 14. Ne2 0-0 15. Nf4 Qd7 16. d3 Rf5 17. h4 d4 18. Qe2 Nd5 19. Bc1 Nc3 20. Qg2 Raf8 21. Re1 h6 22. Qh3 Bd8 23. Bd2 Qf7 24. Qg4 Bc7 25. Bxc3 bxc3 26. Re4 Nxe5 27. Nxe5 Bxe5 28. Rae1 Bxf4 29. Rxf4 Rxf4 30. Qxf4 Qxf4 31. gxf4 Rxf4 32. Re5 Rg4+ 33. Kf1 Rxh4 34. Rxc5 Rh1+ 35. Ke2 Rc1 36. Rxa5 Rxc2+ 37. Kf3 Rc1 38. Rc5 Re1 39. b4 Ra1 40. Ke4 Rxa2 41. Kxd4 c2 42. Ke5 h5 43. b5 Rb2 44. Kxe6 h4 45. Rc8+ Kh7 46. Kf7 h3 47. Rc4 Kh6 0-1

[Event "Bundesliga 1112"]
[Site "Germany"]
[Date "2011.12.11"]
[Round "7.8"]
[White "Kipper, Jens"]
[Black "Sebastian, Dirk"]
[Result "1/2-1/2"]
[WhiteElo "2382"]
[BlackElo "2446"]
[PlyCount "41"]
[EventDate "2011.10.14"]
[EventType "team-tourn"]
[EventRounds "15"]
[EventCountry "GER"]
[SourceTitle "CBM 146"]
[Source "ChessBase"]
[SourceDate "2012.01.18"]
[SourceVersion "1"]
[SourceVersionDate "2012.01.18"]
[SourceQuality "1"]
[WhiteTeam "Remagen"]
[BlackTeam "Hamburger SK"]
[WhiteTeamCountry "GER"]
[BlackTeamCountry "GER"]

1. Nf3 g6 2. d4 Bg7 3. c4 d6 4. Nc3 e5 5. dxe5 dxe5 6. Qxd8+ Kxd8 7. Bd2 Be6 8. 0-0-0 Nd7 9. Ng5 Bxc4 10. e4 Be6 11. Nxe6+ fxe6 12. Bc4 Ke7 13. Nb5 Bh6 14. Bxe6 Nc5 15. Bxg8 Bxd2+ 16. Kxd2 Raxg8 17. Rc1 Nxe4+ 18. Ke3 Nf6 19. Rxc7+ Ke6 20. Nc3 Rb8 21. Rd1 1/2-1/2

[Event "Bundesliga 1112"]
[Site "Germany"]
[Date "2011.12.10"]
[Round "6.8"]
[White "Polzin, Rainer"]
[Black "Kipper, Jens"]
[Result "1-0"]
[WhiteElo "2469"]
[BlackElo "2382"]
[PlyCount "103"]
[EventDate "2011.10.14"]
[EventType "team-tourn"]
[EventRounds "15"]
[EventCountry "GER"]
[SourceTitle "CBM 146"]
[Source "ChessBase"]
[SourceDate "2012.01.18"]
[SourceVersion "1"]
[SourceVersionDate "2012.01.18"]
[SourceQuality "1"]
[WhiteTeam "Berlin SF"]
[BlackTeam "Remagen"]
[WhiteTeamCountry "GER"]
[BlackTeamCountry "GER"]

1. e4 e6 2. d4 d5 3. Nc3 Nf6 4. Bg5 Bb4 5. e5 h6 6. Bd2 Bxc3 7. bxc3 Ne4 8. Qg4 g6 9. Bd3 Nxd2 10. Kxd2 c5 11. Nf3 Bd7 12. Rhb1 c4 13. Be2 Bc6 14. h4 Nd7 15. Qf4 Qe7 16. Nh2 0-0-0 17. Ng4 Rdf8 18. Nf6 Nxf6 19. Qxf6 Kd7 20. g4 Qxf6 21. exf6 Kd6 22. f4 g5 23. Ke3 Re8 24. Bf3 gxf4+ 25. Kxf4 e5+ 26. dxe5+ Rxe5 27. Re1 Rhe8 28. Rxe5 Rxe5 29. Rg1 Bd7 30. Rg2 Re6 31. g5 hxg5+ 32. hxg5 Re5 33. Bg4 Re4+ 34. Kf3 Bxg4+ 35. Rxg4 Ke5 36. g6 Rxg4 37. Kxg4 Kxf6 38. gxf7 Kxf7 39. Kf5 Ke7 40. Ke5 Kd7 41. Kxd5 Kc7 42. Kxc4 Kc6 43. Kb4 b6 44. Kc4 a6 45. Kb4 Kd5 46. c4+ Kc6 47. a3 a5+ 48. Kc3 Kc5 49. Kd3 Kc6 50. Kd4 Kd6 51. a4 Kc6 52. c5 1-0

[Event "FICGS class M 000040 email"]
[Site "FICGS email"]
[Date "2010.09.20"]
[Round "1"]
[White "Kipper, Jens"]
[Black "Drazkowski, Krzysztof"]
[Result "1-0"]
[WhiteElo "2383"]
[BlackElo "2236"]
[PlyCount "68"]
[EventDate "2010.??.??"]
[EventType "tourn (corr)"]
[EventRounds "6"]
[EventCategory "1"]
[SourceTitle "Corr 2013"]
[Source "ChessBase"]
[SourceDate "2012.11.12"]
[SourceVersion "1"]
[SourceVersionDate "2012.11.12"]
[SourceQuality "1"]

1. Nf3 Nf6 2. c4 e6 3. Nc3 d5 4. d4 Be7 5. Bf4 0-0 6. e3 c5 7. dxc5 Bxc5 8. Qc2 Nc6 9. a3 Qa5 10. Rd1 Be7 11. Be2 dxc4 12. Bxc4 e5 13. Bg3 Bg4 14. 0-0 Rac8 15. Nd5 Nxd5 16. Rxd5 Qc7 17. Bd3 Be6 18. Bxh7+ Kh8 19. Nxe5 Bxd5 20. Nxf7+ Bxf7 21. Bxc7 Rxc7 22. b4 a6 23. Bg6 Bf6 24. g4 Kg8 25. f4 Bxg6 26. Qxg6 Rd8 27. Qc2 Rcd7 28. g5 Be7 29. Qc4+ Kf8 30. g6 Bf6 31. e4 Bd4+ 32. Kh1 Rc8 33. Qe6 Rcc7 34. e5 Re7 1-0

[Event "Bundesliga 0910"]
[Site "Germany"]
[Date "2010.04.11"]
[Round "15.6"]
[White "Kipper, Jens"]
[Black "Nyback, Tomi"]
[Result "0-1"]
[WhiteElo "2393"]
[BlackElo "2615"]
[PlyCount "54"]
[EventDate "2009.10.16"]
[EventType "team-tourn"]
[EventRounds "15"]
[EventCountry "GER"]
[SourceTitle "EXT 2011"]
[Source "ChessBase"]
[SourceDate "2010.11.26"]
[SourceVersion "1"]
[SourceVersionDate "2010.11.26"]
[SourceQuality "1"]
[WhiteTeam "Remagen"]
[BlackTeam "Werder Bremen"]
[WhiteTeamCountry "GER"]
[BlackTeamCountry "GER"]

1. Nf3 d5 2. d4 c6 3. c4 e6 4. Nc3 dxc4 5. Bg5 Be7 6. Bxe7 Nxe7 7. a4 Nd5 8. a5 c5 9. e4 Nb4 10. dxc5 Qxd1+ 11. Rxd1 N8a6 12. Bxc4 Nxc5 13. 0-0 Ke7 14. Rd2 Bd7 15. Ne5 Be8 16. f4 Rc8 17. f5 f6 18. Nf3 e5 19. Re1 Bc6 20. Bd5 Bxd5 21. Nxd5+ Nxd5 22. Rxd5 Rhd8 23. Rxd8 Rxd8 24. b4 Nd3 25. Rd1 Rd7 26. Rb1 Rc7 27. b5 Rc1+ 0-1

[Event "Bundesliga 0910"]
[Site "Germany"]
[Date "2010.04.10"]
[Round "14.6"]
[White "Heinemann, Thies"]
[Black "Kipper, Jens"]
[Result "1/2-1/2"]
[WhiteElo "2484"]
[BlackElo "2393"]
[PlyCount "83"]
[EventDate "2009.10.16"]
[EventType "team-tourn"]
[EventRounds "15"]
[EventCountry "GER"]
[SourceTitle "EXT 2011"]
[Source "ChessBase"]
[SourceDate "2010.11.26"]
[SourceVersion "1"]
[SourceVersionDate "2010.11.26"]
[SourceQuality "1"]
[WhiteTeam "Hamburger SK"]
[BlackTeam "Remagen"]
[WhiteTeamCountry "GER"]
[BlackTeamCountry "GER"]

1. e4 e6 2. d4 d5 3. Nd2 Nf6 4. e5 Nfd7 5. Bd3 c5 6. c3 Nc6 7. Ne2 cxd4 8. cxd4 f6 9. exf6 Nxf6 10. Nf3 Bd6 11. 0-0 Qc7 12. g3 0-0 13. Bf4 Ng4 14. Rc1 Bxf4 15. Nxf4 Rxf4 16. gxf4 Qxf4 17. Be2 Nf6 18. Qd2 Qxd2 19. Nxd2 Nxd4 20. Rfe1 e5 21. Bd1 Nc6 22. Ba4 Nb4 23. Bb5 a6 24. a3 axb5 25. axb4 e4 26. Ra1 Rxa1 27. Rxa1 Kf7 28. Rc1 Bd7 29. Rc7 b6 30. Rb7 Ke6 31. Rxb6+ Ke5 32. Nb3 d4 33. Nc5 Be8 34. Kf1 d3 35. Ke1 Kd5 36. Ne6 Bg6 37. b3 Ng4 38. Nf4+ Kd4 39. Nxg6 hxg6 40. Rxg6 Nxh2 41. Rxg7 Kc3 42. Kd1 1/2-1/2

[Event "FICGS class M 000020 email"]
[Site "FICGS email"]
[Date "2008.05.29"]
[Round "1"]
[White "Ghysens, Dirk"]
[Black "Kipper, Jens"]
[Result "1/2-1/2"]
[WhiteElo "2404"]
[BlackElo "2365"]
[PlyCount "54"]
[EventDate "2008.??.??"]
[EventType "tourn (corr)"]
[EventRounds "6"]
[SourceTitle "Corr 2022"]
[Source "ChessBase"]
[SourceDate "2021.10.24"]
[SourceVersion "1"]
[SourceVersionDate "2021.10.24"]
[SourceQuality "1"]

1. e4 e6 2. d4 d5 3. Nc3 Nf6 4. e5 Nfd7 5. f4 c5 6. Nf3 Nc6 7. Be3 cxd4 8. Nxd4 Bc5 9. Qd2 0-0 10. 0-0-0 a6 11. h4 Nxd4 12. Bxd4 b5 13. Rh3 b4 14. Na4 Bxd4 15. Qxd4 a5 16. Bb5 Rb8 17. Bd3 Qc7 18. h5 Bb7 19. Rg3 Rfc8 20. Kb1 Bc6 21. Nc5 Nxc5 22. Qxc5 Bb5 23. Qxc7 Rxc7 24. Rf3 Bxd3 25. cxd3 Rbc8 26. Rf2 a4 27. d4 f5 1/2-1/2

[Event "BL2-West 0708"]
[Site "Germany"]
[Date "2008.01.20"]
[Round "5.4"]
[White "Dambacher, Martijn"]
[Black "Kipper, Jens"]
[Result "1-0"]
[WhiteElo "2463"]
[BlackElo "2365"]
[PlyCount "45"]
[EventDate "2007.10.21"]
[EventType "team-tourn"]
[EventRounds "9"]
[EventCountry "GER"]
[SourceTitle "EXT 2009"]
[Source "ChessBase"]
[SourceDate "2008.11.26"]
[SourceVersion "1"]
[SourceVersionDate "2008.11.26"]
[SourceQuality "1"]
[WhiteTeam "Gerresheim"]
[BlackTeam "Koeln Porz"]
[WhiteTeamCountry "GER"]
[BlackTeamCountry "GER"]

1. d4 e6 2. c4 Nf6 3. Nf3 c5 4. d5 b5 5. dxe6 fxe6 6. cxb5 d5 7. Bg5 Nbd7 8. e4 Qc7 9. exd5 exd5 10. Bd3 Bd6 11. Qe2+ Kf7 12. 0-0 Bb7 13. Bxf6 Kxf6 14. Nc3 Rae8 15. Qd2 Bf4 16. Qc2 g6 17. g3 Bh6 18. Rfe1 Kg7 19. Re2 c4 20. Rxe8 Rxe8 21. Bf1 Kg8 22. Rd1 Qc5 23. Nxd5 1-0

[Event "BL2-West 0708"]
[Site "Germany"]
[Date "2007.11.04"]
[Round "2.5"]
[White "Brandenburg, Daan"]
[Black "Kipper, Jens"]
[Result "1-0"]
[WhiteElo "2483"]
[BlackElo "2365"]
[PlyCount "55"]
[EventDate "2007.10.21"]
[EventType "team-tourn"]
[EventRounds "9"]
[EventCountry "GER"]
[SourceTitle "EXT 2009"]
[Source "ChessBase"]
[SourceDate "2008.11.26"]
[SourceVersion "1"]
[SourceVersionDate "2008.11.26"]
[SourceQuality "1"]
[WhiteTeam "Emsdetten Turm"]
[BlackTeam "Koeln Porz"]
[WhiteTeamCountry "GER"]
[BlackTeamCountry "GER"]

1. e4 e6 2. d4 d5 3. Nd2 Nf6 4. e5 Nfd7 5. c3 c5 6. Bd3 Nc6 7. Ne2 cxd4 8. cxd4 f6 9. exf6 Nxf6 10. 0-0 Bd6 11. Nf3 Qc7 12. Bg5 0-0 13. Rc1 h6 14. Bd2 Ng4 15. Ng3 Qb6 16. Bc3 Bd7 17. Bb1 Bf4 18. Rc2 Nb4 19. Re2 Nf6 20. Rfe1 Rae8 21. Ne5 Bb5 22. Bxb4 Bxe2 23. Nxe2 Bxh2+ 24. Kxh2 Qxb4 25. Nd3 Ng4+ 26. Kg3 Qe7 27. Kxg4 Qg5+ 28. Kh3 1-0

[Event "BL2-West 0708"]
[Site "Germany"]
[Date "2007.10.21"]
[Round "1.7"]
[White "Kipper, Jens"]
[Black "Gupta, Milon"]
[Result "1/2-1/2"]
[WhiteElo "2365"]
[BlackElo "2316"]
[PlyCount "70"]
[EventDate "2007.10.21"]
[EventType "team-tourn"]
[EventRounds "9"]
[EventCountry "GER"]
[SourceTitle "EXT 2009"]
[Source "ChessBase"]
[SourceDate "2008.11.26"]
[SourceVersion "1"]
[SourceVersionDate "2008.11.26"]
[SourceQuality "1"]
[WhiteTeam "Koeln Porz"]
[BlackTeam "Solingen II"]
[WhiteTeamCountry "GER"]
[BlackTeamCountry "GER"]

1. Nf3 Nf6 2. c4 e6 3. Nc3 Bb4 4. g4 Bxc3 5. dxc3 d6 6. g5 Nfd7 7. Be3 Nc6 8. Qc2 Qe7 9. 0-0-0 e5 10. Nd2 Nf8 11. h4 Ne6 12. Ne4 Bd7 13. h5 f5 14. gxf6 gxf6 15. Ng3 0-0-0 16. Nf5 Qf8 17. Bg2 Kb8 18. Bh6 Qf7 19. Bd5 Ne7 20. Nxe7 Qxe7 21. Rhg1 Rdg8 22. e3 c6 23. Bf3 Kc7 24. Bg4 Nd4 25. exd4 Bxg4 26. Rde1 Bxh5 27. Rxg8 Rxg8 28. c5 Bg6 29. Qa4 Kb8 30. Bf4 Qd7 31. Bg3 Qf5 32. Qb3 Qb1+ 33. Kd2 Qd3+ 34. Kc1 Qb1+ 35. Kd2 Qd3+ 1/2-1/2

[Event "BL2-West 0607"]
[Site "Germany"]
[Date "2007.02.04"]
[Round "5.3"]
[White "Armbrust, Florian"]
[Black "Kipper, Jens"]
[Result "0-1"]
[WhiteElo "2278"]
[BlackElo "2368"]
[PlyCount "54"]
[EventDate "2006.10.15"]
[EventType "team-tourn"]
[EventRounds "9"]
[EventCountry "GER"]
[SourceTitle "EXT 2008"]
[Source "ChessBase"]
[SourceDate "2007.11.25"]
[SourceVersion "1"]
[SourceVersionDate "2007.11.25"]
[SourceQuality "1"]
[WhiteTeam "Schott Mainz"]
[BlackTeam "Koeln Porz II"]
[WhiteTeamCountry "GER"]
[BlackTeamCountry "GER"]

1. e4 e6 2. d4 d5 3. Nc3 Nf6 4. e5 Nfd7 5. f4 c5 6. Nce2 Nc6 7. Nf3 Qb6 8. c3 f6 9. a3 Be7 10. b4 cxd4 11. cxd4 0-0 12. h4 a5 13. b5 Qxb5 14. Nc3 Qb6 15. Rb1 Qd8 16. Bd3 fxe5 17. dxe5 h6 18. Na4 Nc5 19. Nxc5 Bxc5 20. Ng5 Qc7 21. Bh7+ Kh8 22. Qd3 Nxe5 23. fxe5 Qxe5+ 24. Kd1 Bd7 25. Nf3 Qg3 26. Bb2 Ba4+ 27. Kc1 Rac8 0-1